Formule 1 - Vainqueurs de chaque Grand Prix de 2024 - Statistiques

Statistiques générales
  • Ce quiz a été pris 857 fois
    613 depuis la dernière actualisation
  • Le résultat moyen est 22 sur 24
Statistiques - réponses
Hint Réponse % Correct
Manama, Bahrein2 mars 2024 Max Verstappen
100%
Djeddah, Arabie Saoudite9 mars 2024 Max Verstappen
99%
Monaco, Monaco26 mai 2024 Charles Leclerc
97%
Suzuka, Japon7 avril 2024 Max Verstappen
97%
Shanghai, Chine21 avril 2024 Max Verstappen
97%
Melbourne, Australie24 mars 2024 Carlos Sainz
96%
Montréal, Canada9 juin 2024 Max Verstappen
96%
Miami, États-Unis5 mai 2024 Lando Norris
95%
Émilie Romagne, Imola, Italie19 mai 2024 Max Verstappen
95%
Barcelone, Espagne23 juin 2024 Max Verstappen
95%
Silverstone, Grande-Bretagne7 juillet 2024 Lewis Hamilton
94%
Monza, Italie1er septembre 2024 Charles Leclerc
93%
Zandvoort, Pays-Bas25 août 2024 Lando Norris
91%
Abou Dhabi, Émirats Arabes Unis8 décembre 2024 Lando Norris
91%
Sao Paulo, Brésil3 novembre 2024 Max Verstappen
91%
Budapest, Hongrie21 juillet 2024 Oscar Piastri
91%
Singapour, Singapour22 septembre 2024 Lando Norris
90%
Spa-Francorchamps, Belgique28 juillet 2024 Lewis Hamilton
90%
Losail, Qatar1er décembre 2024 Max Verstappen
90%
Bakou, Azerbaïdjan15 septembre 2024 Oscar Piastri
90%
Mexico, Mexique27 octobre 2024 Carlos Sainz
88%
Austin, États-Unis20 octobre 2024 Charles Leclerc
88%
Spielberg, Autriche30 juin 2024 George Russell
88%
Las Vegas, États-Unis23 novembre 2024 George Russell
86%
Aucun quiz correspondant
Distribution des résultats
% des personnes avec chaque résultat
Percentile par nombre de réponses
Votre historique - résultats
Vous n’avez pas pris ce quiz depuis la dernière actualisation